|
|
|
|
| LEADER |
01669nam a22004334a 4500 |
| 001 |
EBC423275 |
| 003 |
MiAaPQ |
| 005 |
20200520144314.0 |
| 006 |
m o d | |
| 007 |
cr cn||||||||| |
| 008 |
050913s2006 nyua sb 001 0 eng |
| 010 |
|
|
|z 2005051707
|
| 016 |
7 |
|
|z 101265551
|2 DNLM
|
| 020 |
|
|
|z 0826151655 (hbk.)
|
| 035 |
|
|
|a (MiAaPQ)EBC423275
|
| 035 |
|
|
|a (Au-PeEL)EBL423275
|
| 035 |
|
|
|a (CaPaEBR)ebr10265401
|
| 035 |
|
|
|a (CaONFJC)MIL181361
|
| 035 |
|
|
|a (OCoLC)437109667
|
| 040 |
|
|
|a MiAaPQ
|c MiAaPQ
|d MiAaPQ
|
| 050 |
|
4 |
|a HD7255
|b .C38 2006
|
| 082 |
0 |
4 |
|a 362/.0425
|2 22
|
| 100 |
1 |
|
|a Grubbs, Lee Ann R.
|
| 245 |
1 |
0 |
|a Rehabilitation caseload management
|h [electronic resource] :
|b concepts and practice /
|c Lee Ann R. Grubbs, Jack L. Cassell, S. Wayne Mulkey.
|
| 250 |
|
|
|a 2nd ed.
|
| 260 |
|
|
|a New York :
|b Springer Pub. Co.,
|c c2006.
|
| 300 |
|
|
|a xi, 292 p. :
|b ill.
|
| 490 |
1 |
|
|a Springer series on rehabilitation
|
| 500 |
|
|
|a Previous ed. cataloged under: Cassell, Jack L., 1939-.
|
| 504 |
|
|
|a Includes bibliographical references (p. 259-273) and index.
|
| 533 |
|
|
|a Electronic reproduction. Ann Arbor, MI : ProQuest, 2015. Available via World Wide Web. Access may be limited to ProQuest affiliated libraries.
|
| 650 |
|
0 |
|a Vocational rehabilitation
|x Management.
|
| 650 |
|
0 |
|a Supervision of vocational rehabilitation.
|
| 655 |
|
4 |
|a Electronic books.
|
| 700 |
1 |
|
|a Cassell, Jack L.,
|d 1939-
|
| 700 |
1 |
|
|a Mulkey, S. Wayne,
|d 1938-
|
| 710 |
2 |
|
|a ProQuest (Firm)
|
| 830 |
|
0 |
|a Springer series on rehabilitation (Unnumbered)
|
| 856 |
4 |
0 |
|u https://ebookcentral.proquest.com/lib/matrademy/detail.action?docID=423275
|z Click to View
|